000 00645nam a2200193Ia 4500
008 090124s9999 xx 000 0 und d
082 _b10170
100 _aठाकूर जनार्दन
245 _a हे नेते 'जनता' चे
250 _a1
260 _bउत्कर्ष प्रकाशन
_c1978
300 _a219
600 _aठाकूर जनार्दन
630 _a हे नेते 'जनता' चे
700 _aठाकूर जनार्दन
700 _aवाळिंबे वि. स.
730 _a हे नेते 'जनता' चे
942 _cBOOK
999 _c85985
_d85985